[Event "OLNN 1718 SC Diogenes - Preetzer TSV"]
[Site "?"]
[Date "2017.12.10"]
[Round "4.2"]
[White "Korba, Roman"]
[Black "Schwarz, Frank"]
[Result "0-1"]
[WhiteElo "2173"]
[BlackElo "2232"]
[PlyCount "104"]
[EventDate "2017.??.??"]

1. Nf3 Nf6 2. b3 e6 3. Bb2 d5 4. g3 Bd6 5. Bg2 Nbd7 6. O-O O-O 7. d3 c6 8. c4
e5 9. cxd5 Nxd5 10. Nbd2 Re8 11. Rc1 f6 12. Qc2 Nf8 13. d4 Nb4 14. Qb1 Ng6 15.
Rfd1 Qe7 16. a3 Nd5 17. e4 Nb6 18. a4 a5 19. Nc4 Nxc4 20. Rxc4 exd4 21. Nxd4
Ne5 22. Rcc1 Bc5 23. Qc2 Bb6 24. h3 h5 25. Nf5 Bxf5 26. exf5 Rad8 27. Qe2 Nd3
28. Qxe7 Rxe7 29. Rc2 Red7 30. Bc3 h4 31. gxh4 Nxf2 32. Rxd7 Nd3+ 33. Bd4 Bxd4+
34. Rxd4 Rxd4 35. Bf1 Ne5 36. Kf2 Rf4+ 37. Kg2 Rxf5 38. Be2 Rf4 39. h5 Kf7 40.
Rc5 b6 41. Rc3 Ke6 42. Rg3 Kf7 43. Rc3 f5 44. Kg3 Rd4 45. Bc4+ Kf6 46. Ba6 f4+
47. Kh4 g5+ 48. hxg6 Nxg6+ 49. Kh5 Ne5 50. Kh6 c5 51. Bc4 f3 52. Kh5 Rf4 0-1

[Event "OLNN 1718 SC Diogenes - Preetzer TSV"]
[Site "?"]
[Date "2017.12.10"]
[Round "4.3"]
[White "Reinecker, Kai"]
[Black "Schulenburg, Torben"]
[Result "0-1"]
[WhiteElo "2265"]
[BlackElo "2171"]
[PlyCount "79"]
[EventDate "2017.??.??"]

1. e4 e6 2. d4 d5 3. Nd2 Nc6 4. Ngf3 Nf6 5. e5 Nd7 6. Bb5 Nb6 7. c3 Bd7 8. Qe2
f5 9. exf6 Qxf6 10. Ne5 Nxe5 11. dxe5 Qg6 12. Bxd7+ Nxd7 13. O-O Be7 14. c4 c6
15. f4 O-O 16. Nf3 dxc4 17. Qxc4 Nb6 18. Qe2 Rad8 19. Be3 Qd3 20. Qxd3 Rxd3 21.
Bxb6 axb6 22. g3 Rfd8 23. Kg2 h6 24. Rae1 b5 25. Re2 c5 26. Rc1 c4 27. g4 Rf8
28. Re4 g5 29. Rc3 Rxc3 30. bxc3 Ra8 31. Re2 Ra3 32. f5 Rxc3 33. Nd4 Rd3 34.
Nxe6 c3 35. Kf2 Kf7 36. Rc2 Rh3 37. Kg2 Rd3 38. Kf2 b4 39. Re2 Rd1 40. Ke3 0-1

[Event "OLNN 1718 SC Diogenes - Preetzer TSV"]
[Site "?"]
[Date "2017.12.10"]
[Round "4.4"]
[White "Gottuk, Stefan"]
[Black "Willsch, Matthias"]
[Result "1/2-1/2"]
[WhiteElo "2180"]
[BlackElo "2268"]
[PlyCount "34"]
[EventDate "2017.??.??"]

1. e4 e6 2. d4 d5 3. Bd3 c5 4. c3 Nc6 5. Ne2 cxd4 6. cxd4 Nb4 7. Bb5+ Bd7 8.
Bxd7+ Qxd7 9. e5 Rc8 10. Nbc3 f6 11. f4 Be7 12. O-O Nh6 13. Ng3 f5 14. h3 O-O
15. Be3 Nc6 16. Qd3 Na5 17. b3 Nc6 {(=)} 1/2-1/2

[Event "OLNN 1718 SC Diogenes - Preetzer TSV"]
[Site "?"]
[Date "2017.12.10"]
[Round "4.5"]
[White "Schuette, Andreas"]
[Black "Laqua, Christian"]
[Result "1/2-1/2"]
[WhiteElo "2150"]
[BlackElo "2128"]
[PlyCount "51"]
[EventDate "2017.??.??"]

1. d4 c5 2. e3 Nf6 3. Nf3 g6 4. Be2 Bg7 5. O-O b6 6. b3 Bb7 7. Bb2 O-O 8. c4 e6
9. Nc3 Qe7 10. Rc1 Rd8 11. Qc2 Nc6 12. dxc5 bxc5 13. Rfd1 d6 14. Qb1 Rab8 15.
h3 Ba8 16. Qa1 Qf8 17. Rd2 h6 18. Rcd1 Ne8 19. Na4 f5 20. Bxg7 Qxg7 21. Qxg7+
Kxg7 22. Ne1 Kf6 23. f4 Ke7 24. Bf3 Nb4 25. Bxa8 Rxa8 26. Nd3 1/2-1/2

[Event "OLNN 1718 SC Diogenes - Preetzer TSV"]
[Site "?"]
[Date "2017.12.10"]
[Round "4.6"]
[White "Woelk, Tom-Frederic"]
[Black "Hamann, Carsten"]
[Result "0-1"]
[WhiteElo "2038"]
[BlackElo "2102"]
[PlyCount "131"]
[EventDate "2017.??.??"]

1. e4 e6 2. d4 d5 3. Nc3 Bb4 4. e5 c5 5. a3 Bxc3+ 6. bxc3 Ne7 7. Qg4 O-O 8. Bd3
f5 9. exf6 Rxf6 10. Bg5 Rf7 11. Qh5 g6 12. Qd1 Nbc6 13. Nf3 Qf8 14. O-O c4 15.
Be2 h6 16. Bc1 Bd7 17. a4 Rd8 18. Ba3 Bc8 19. Qd2 Qg7 20. Rae1 Kh7 21. Bd1 Nf5
22. Ne5 Nxe5 23. Rxe5 Nd6 24. Bg4 Rf6 25. f3 Nf7 26. Re2 Re8 27. f4 Bd7 28. Rb1
Bc6 29. Rbe1 Bd7 30. a5 h5 31. Bf3 Bc6 32. h4 Nh6 33. Re5 Qd7 34. Bc5 Nf5 35.
Qf2 Qd8 36. Bb4 Nh6 37. g3 Nf7 38. R5e3 Nh6 39. Kh2 Qc7 40. Re5 Nf7 41. R5e3 b5
42. axb6 Qxb6 43. Bc5 Qb7 44. g4 hxg4 45. Bxg4 Nh6 46. Qg3 Qc7 47. Re5 Bd7 48.
Rf1 Nf7 49. h5 Kg7 50. Ree1 a5 51. hxg6 Rxg6 52. Qf3 Ng5 53. Qe2 Ne4 54. Bh3
Rh8 55. Rf3 e5 56. Rg1 Bxh3 57. Rxg6+ Kxg6 58. Rxh3 Rxh3+ 59. Kxh3 Qd7+ 60. Kg2
exf4 61. Qf3 Qf5 62. Bb6 Qg5+ 63. Kh2 a4 64. Bc7 Qg3+ 65. Qxg3+ fxg3+ 66. Kg2
0-1

[Event "OLNN 1718 SC Diogenes - Preetzer TSV"]
[Site "?"]
[Date "2017.12.10"]
[Round "4.7"]
[White "Kornrumpf, Joachim"]
[Black "Kilic, Oguz"]
[Result "1-0"]
[WhiteElo "2047"]
[BlackElo "2088"]
[PlyCount "85"]
[EventDate "2017.??.??"]

1. b3 Nf6 2. Bb2 g6 3. c4 Bg7 4. Nf3 O-O 5. e3 d6 6. Be2 Nc6 7. a3 e5 8. d3 Nd7
9. Qc2 f5 10. Nc3 Ne7 11. d4 h6 12. dxe5 dxe5 13. Rd1 c6 14. O-O Qc7 15. e4 f4
16. Rd2 Nc5 17. b4 Ne6 18. c5 g5 19. h3 Nd8 20. Bc4+ Kh7 21. Rfd1 g4 22. hxg4
Bxg4 23. Be2 Ng6 24. Nh2 Be6 25. Rd6 Qe7 26. Bg4 Bxg4 27. Nxg4 Qg5 28. f3 h5
29. Nh2 Bf6 30. Qf2 Rg8 31. Kh1 Nf7 32. Rd7 Rg7 33. Rg1 Qh6 34. Ne2 Bh4 35. Qf1
Bg3 36. Qd1 Rag8 37. Nf1 h4 38. Nh2 Ng5 39. Ng4 Rxd7 40. Qxd7+ Qg7 41. Qf5 Nf7
42. Bxe5 Nfxe5 43. Qh5+ 1-0

[Event "OLNN 1718 SC Diogenes - Preetzer TSV"]
[Site "?"]
[Date "2017.12.10"]
[Round "4.8"]
[White "Kalla, Christian"]
[Black "Dittmann, Hans-Adolf"]
[Result "0-1"]
[WhiteElo "2021"]
[BlackElo "2071"]
[PlyCount "70"]
[EventDate "2017.??.??"]

1. e4 c5 2. c3 d5 3. exd5 Qxd5 4. d4 Nc6 5. Nf3 Bf5 6. Be3 cxd4 7. cxd4 Bxb1 8.
Rxb1 e5 9. a3 Rd8 10. dxe5 Qe4 11. Qc1 Bc5 12. Bb5 Bxe3 13. Bxc6+ bxc6 14. fxe3
Ne7 15. O-O O-O 16. Qc5 Nf5 17. Qxa7 Rd3 18. Rbc1 h6 19. Rfe1 Rfd8 20. Qc5 Rb8
21. Rc4 Qd5 22. e4 Qxc5+ 23. Rxc5 Ne7 24. Re2 Rb6 25. Rcc2 h5 26. Red2 Re3 27.
Rd4 Kh7 28. Rd7 Ng6 29. Rxf7 Kh6 30. Rc7 Reb3 31. R7xc6 Rxb2 32. Rxb6 Rxb6 33.
a4 Ra6 34. Ra2 Nf4 35. g3 Ne6 0-1

[Event "OLNN 1718 SV Bargteheide - Lübecker SV"]
[Site "?"]
[Date "2017.12.10"]
[Round "4.1"]
[White "Kreuzholz, Michael"]
[Black "Fries-Nielsen, Jens Ove"]
[Result "1/2-1/2"]
[WhiteElo "2345"]
[BlackElo "2328"]
[PlyCount "104"]
[EventDate "2017.??.??"]

1. e4 d6 2. d4 Nf6 3. Nc3 g6 4. f4 Bg7 5. Nf3 O-O 6. Bd3 c5 7. dxc5 dxc5 8. e5
Nd5 9. Nxd5 Qxd5 10. Qe2 Nc6 11. Be4 Qd7 12. Be3 Qc7 13. O-O b6 14. c3 Bb7 15.
h4 Nd8 16. Bc2 Qc8 17. f5 gxf5 18. Ng5 e6 19. Qh5 h6 20. Nf3 f6 21. Bxh6 Qc7
22. Rad1 Qf7 23. Qxf7+ Rxf7 24. Bxg7 Kxg7 25. exf6+ Kxf6 26. Ng5 Rg7 27. Rfe1
Bd5 28. b3 b5 29. c4 bxc4 30. bxc4 Bxc4 31. Bb3 Bxb3 32. axb3 Re7 33. Rd6 Rb8
34. Kf2 Re8 35. Re3 Rb7 36. g3 Ke7 37. Ra6 Kd7 38. Rd3+ Kc8 39. h5 Rg7 40. Nh3
Rh7 41. Nf4 e5 42. Nd5 Rxh5 43. Rxa7 Kb8 44. Re7 Rxe7 45. Nxe7 Kc7 46. Nd5+ Kb7
47. Nf6 Rh2+ 48. Kg1 Rh8 49. Rd5 Nc6 50. Nd7 Nd4 51. Rxc5 e4 52. Rc4 Nxb3
1/2-1/2

[Event "OLNN 1718 SV Bargteheide - Lübecker SV"]
[Site "?"]
[Date "2017.12.10"]
[Round "4.2"]
[White "Light, Bjarne"]
[Black "Riess, Alexander"]
[Result "1/2-1/2"]
[WhiteElo "2228"]
[BlackElo "2307"]
[PlyCount "52"]
[EventDate "2017.??.??"]

1. d4 Nf6 2. Bf4 e6 3. e3 b6 4. Nf3 Bb7 5. h3 Be7 6. Bd3 O-O 7. Nbd2 c5 8. c3
Nc6 9. Qe2 Rc8 10. O-O d5 11. Rad1 Bd6 12. Ne5 Qc7 13. Nxc6 Bxc6 14. Bxd6 Qxd6
15. e4 dxe4 16. Nxe4 Nxe4 17. Bxe4 Rfd8 18. dxc5 Qxc5 19. Bxc6 Qxc6 20. Rxd8+
Rxd8 21. Rd1 Rxd1+ 22. Qxd1 g6 23. Qd8+ Kg7 24. Qd4+ Kg8 25. Qd8+ Kg7 26. Qd4+
Kg8 1/2-1/2

[Event "OLNN 1718 SV Bargteheide - Lübecker SV"]
[Site "?"]
[Date "2017.12.10"]
[Round "4.3"]
[White "Kololli, Martin"]
[Black "Wolter, Jens"]
[Result "1-0"]
[WhiteElo "2293"]
[BlackElo "2161"]
[PlyCount "99"]
[EventDate "2017.??.??"]

1. f4 c5 2. Nf3 Nc6 3. g3 g6 4. Bg2 Bg7 5. O-O d6 6. d3 e6 7. c3 Nge7 8. a4 O-O
9. Na3 Rb8 10. e4 a6 11. Nh4 Qc7 12. g4 f5 13. gxf5 exf5 14. Nc4 b5 15. axb5
axb5 16. Ne3 b4 17. Bd2 bxc3 18. bxc3 Kh8 19. exf5 Nxf5 20. Nhxf5 Bxf5 21. Nxf5
gxf5 22. Re1 Ne7 23. Ra6 Ng6 24. Re6 Rb6 25. Rxb6 Qxb6 26. Qe1 Qc7 27. Bd5 Bf6
28. Kh1 Ne7 29. Bg2 d5 30. c4 dxc4 31. dxc4 Ng6 32. Bd5 Bd4 33. h4 Qg7 34. Re8
Rxe8 35. Qxe8+ Nf8 36. Be3 Bxe3 37. Qxe3 Qf6 38. Kg2 Ng6 39. h5 Ne7 40. Qxc5
Nxd5 41. cxd5 Qg7+ 42. Kh2 Qf7 43. Kg3 Qg7+ 44. Kf2 Qb2+ 45. Kf3 Qb3+ 46. Kg2
Qb2+ 47. Kh3 Kg8 48. Qc8+ Kg7 49. Qd7+ Kf6 50. Qe6+ 1-0

[Event "OLNN 1718 SV Bargteheide - Lübecker SV"]
[Site "?"]
[Date "2017.12.10"]
[Round "4.4"]
[White "zum Felde, Michael"]
[Black "Schmidt, Harald"]
[Result "1-0"]
[WhiteElo "2097"]
[BlackElo "2364"]
[PlyCount "137"]
[EventDate "2017.??.??"]

1. e4 c5 2. Nf3 d6 3. d4 cxd4 4. Nxd4 Nf6 5. Nc3 a6 6. a4 e5 7. Nb3 Be7 8. Be2
O-O 9. Be3 Be6 10. O-O Nbd7 11. f3 Rc8 12. a5 Qc7 13. Qd2 Rfd8 14. Rfc1 Qc6 15.
Bd3 d5 16. exd5 Nxd5 17. Nxd5 Qxd5 18. c4 Qd6 19. Qc2 Nf6 20. Be2 e4 21. Nd4
exf3 22. Nxf3 Ng4 23. Bb6 Qb4 24. Ra4 Bc5+ 25. Kh1 Nf2+ 26. Kg1 Nd3+ 27. Kf1
Qxb2 28. Bxd3 Qxc2 29. Bxc2 Rd6 30. Bxc5 Rxc5 31. Be4 b5 32. axb6 Rxb6 33. Rd1
g5 34. Bd5 Bxd5 35. cxd5 Rd6 36. Nxg5 Rcxd5 37. Rxd5 Rxd5 38. Ne4 Re5 39. Nf6+
Kg7 40. Nd7 Rf5+ 41. Kg1 a5 42. Rg4+ Kh6 43. h3 Rg5 44. Rc4 Rb5 45. Kf2 Kg5 46.
Nc5 f5 47. Nd3 Rb3 48. Ne5 Rb2+ 49. Kg3 f4+ 50. Kf3 Rb3+ 51. Kf2 Rb2+ 52. Kg1
Rb4 53. Nf3+ Kg6 54. Rc6+ Kg7 55. Ra6 a4 56. Ne5 Re4 57. Nd7 Rc4 58. Kf2 h5 59.
Ne5 Rc2+ 60. Kf3 Ra2 61. Nd3 Ra3 62. Ke4 f3 63. gxf3 Ra1 64. Kf5 a3 65. f4 h4
66. Ra7+ Kg8 67. Nb4 Rg1 68. Rxa3 Rg3 69. Nc2 1-0

[Event "OLNN 1718 SV Bargteheide - Lübecker SV"]
[Site "?"]
[Date "2017.12.10"]
[Round "4.5"]
[White "Christ, Ralf"]
[Black "Porth, Hartmut"]
[Result "1/2-1/2"]
[WhiteElo "2267"]
[BlackElo "2086"]
[PlyCount "73"]
[EventDate "2017.??.??"]

1. e4 e6 2. d4 d5 3. e5 c5 4. c3 Qb6 5. Nf3 Bd7 6. Be2 Nc6 7. O-O Nge7 8. Na3
cxd4 9. cxd4 Nf5 10. Nc2 Be7 11. Rb1 Rc8 12. Bd3 Nb4 13. Nxb4 Qxb4 14. Kh1 Qa4
15. Qxa4 Bxa4 16. Bd2 O-O 17. Rbc1 Bd7 18. g4 Nh4 19. Nxh4 Bxh4 20. Kg2 Be7 21.
f4 f6 22. Be3 Bc6 23. Kg3 fxe5 24. fxe5 Rxf1 25. Rxf1 Bd7 26. h4 Rf8 27. h5
Rxf1 28. Bxf1 h6 29. g5 hxg5 30. Kg4 a6 31. Bxg5 Bb4 32. Bd3 Bb5 33. Bg6 Bc4
34. b3 Be2+ 35. Kg3 Be1+ 36. Kg2 Kf8 37. Kg1 1/2-1/2

[Event "OLNN 1718 SV Bargteheide - Lübecker SV"]
[Site "?"]
[Date "2017.12.10"]
[Round "4.6"]
[White "Peterwitz, Klaus"]
[Black "Lampe, Dirk"]
[Result "0-1"]
[WhiteElo "2085"]
[BlackElo "2195"]
[PlyCount "65"]
[EventDate "2017.??.??"]

1. Nf3 Nf6 2. g3 g6 3. Bg2 Bg7 4. O-O O-O 5. d4 d6 6. c4 c6 7. Nc3 Qa5 8. e4 e5
9. dxe5 dxe5 10. Qc2 Bg4 11. Be3 Bxf3 12. Bxf3 Nbd7 13. Rfd1 Rfd8 14. Rd2 Nf8
15. Rad1 Rxd2 16. Rxd2 Ne6 17. b3 Bf8 18. Ne2 h5 19. h3 Bc5 20. Bxc5 Qxc5 21.
Qc3 Ng5 22. b4 Qe7 23. Rb2 Nxh3+ 24. Kg2 Ng5 25. Qe3 Ng4 26. Bxg4 hxg4 27. a4
Kg7 28. c5 Rd8 29. Rb1 Qf6 30. Ng1 Rd4 31. f3 gxf3+ 32. Nxf3 Nxf3 33. Qxf3 0-1

[Event "OLNN 1718 SV Bargteheide - Lübecker SV"]
[Site "?"]
[Date "2017.12.10"]
[Round "4.7"]
[White "Svane, Frederik"]
[Black "Thanisch, Matthias"]
[Result "1-0"]
[WhiteElo "2219"]
[BlackElo "2037"]
[PlyCount "87"]
[EventDate "2017.??.??"]

1. e4 c6 2. d4 d5 3. exd5 cxd5 4. Bd3 Nc6 5. c3 Qc7 6. h3 g6 7. Ne2 Nf6 8. Bf4
Qd8 9. Nd2 Bf5 10. Bxf5 gxf5 11. Nc1 e6 12. Nd3 Rg8 13. O-O Ne4 14. Kh1 Nxd2
15. Qxd2 Be7 16. Qe2 Bd6 17. Qh5 Bxf4 18. Nxf4 Qf6 19. Nxe6 Kd7 20. Nf4 Ne7 21.
Rfe1 Rae8 22. Re5 Qg7 23. Rae1 b6 24. Qf3 f6 25. R5e3 Qf7 26. Qe2 Nc6 27. Rxe8
Rxe8 28. Qxe8+ Qxe8 29. Rxe8 Kxe8 30. Nxd5 Kf7 31. Kh2 Ke6 32. Nf4+ Kd6 33. Kg3
b5 34. Nh5 Ke6 35. Ng7+ Kd5 36. Kf4 b4 37. Kxf5 bxc3 38. bxc3 Kc4 39. Kxf6 a5
40. Ne6 Kxc3 41. d5 Nb8 42. Ke7 a4 43. f4 a3 44. f5 1-0

[Event "OLNN 1718 Schachfreunde Schwerin - SK M"]
[Site "?"]
[Date "2017.12.10"]
[Round "4.2"]
[White "Schulz, Karsten"]
[Black "Hawellek, Jeronimo"]
[Result "1/2-1/2"]
[WhiteElo "2293"]
[BlackElo "2283"]
[PlyCount "100"]
[EventDate "2017.??.??"]

1. Nf3 f5 2. g3 Nf6 3. Bg2 d6 4. O-O e5 5. d3 Be7 6. e4 O-O 7. Nbd2 Nc6 8. c3
a5 9. a4 fxe4 10. dxe4 Qe8 11. Nh4 Be6 12. Qe2 Nd7 13. Nf5 Bg5 14. Nc4 Bxc1 15.
Raxc1 Nc5 16. Ra1 Nxe4 17. Bxe4 Bxf5 18. Bxf5 Rxf5 19. Ne3 Rf7 20. Nd5 Qe6 21.
Qe4 Raf8 22. f4 Qd7 23. Rae1 exf4 24. gxf4 Qg4+ 25. Kh1 Ne5 26. Ne3 Qh4 27. Ng2
Qh5 28. Qd5 c6 29. Qd1 Qxd1 30. Rxd1 d5 31. h4 Ng6 32. Rd4 Rf5 33. Kh2 Re8 34.
Kg3 c5 35. Rd2 Re4 36. Kg4 Ne7 37. h5 h6 38. Re1 Rxe1 39. Nxe1 g6 40. hxg6 h5+
41. Kg3 Nxg6 42. Ng2 Kf7 43. Rf2 d4 44. cxd4 cxd4 45. Rd2 Rd5 46. Ne1 Kf6 47.
Nd3 Ne7 48. Kf3 Nc6 49. Rh2 Nb4 50. Ke4 Rf5 1/2-1/2

[Event "OLNN 1718 Schachfreunde Schwerin - SK M"]
[Site "?"]
[Date "2017.12.10"]
[Round "4.3"]
[White "Mueller, Tobias"]
[Black "de Jong, Migchiel"]
[Result "0-1"]
[WhiteElo "2122"]
[BlackElo "2331"]
[PlyCount "68"]
[EventDate "2017.??.??"]

1. c4 Nf6 2. g3 c5 3. Bg2 d5 4. cxd5 Nxd5 5. Nc3 Nc7 6. Nf3 Nc6 7. O-O e5 8.
Ne1 Be7 9. Nd3 f6 10. b3 Nb4 11. Nxb4 cxb4 12. Na4 O-O 13. Nb2 Nb5 14. e3 Rb8
15. f4 exf4 16. gxf4 Bf5 17. Kh1 Qd7 18. Rg1 Rfd8 19. d4 Nc3 20. Qe1 Bf8 21.
Nd1 Rbc8 22. Bd2 Ne4 23. Nf2 Qe6 24. Nxe4 Bxe4 25. Bxe4 Qxe4+ 26. Rg2 Rc2 27.
Kg1 f5 28. Re2 Rd6 29. Rg2 Ra6 30. Rg3 Raxa2 31. Rxa2 Rxa2 32. Rg2 Rb2 33. Qf1
Rb1 34. Bc1 Qc6 0-1

[Event "OLNN 1718 Schachfreunde Schwerin - SK M"]
[Site "?"]
[Date "2017.12.10"]
[Round "4.4"]
[White "Reichmann, Hendrik"]
[Black "Ramme, Christoph"]
[Result "1/2-1/2"]
[WhiteElo "2337"]
[BlackElo "2175"]
[PlyCount "238"]
[EventDate "2017.??.??"]

1. d4 Nf6 2. Bf4 d5 3. e3 e6 4. Nd2 c5 5. c3 Nc6 6. Ngf3 Bd6 7. Bg3 O-O 8. Bd3
b6 9. e4 Be7 10. e5 Nh5 11. a3 Bb7 12. Qe2 Rc8 13. Nf1 g6 14. Rd1 cxd4 15. cxd4
Na5 16. Ne3 Bc6 17. h4 Ba4 18. Rb1 Nxg3 19. fxg3 Bb3 20. h5 Ba2 21. Rd1 Bb3 22.
Ra1 Bc4 23. Nxc4 dxc4 24. Bc2 c3 25. b3 Bg5 26. Qe4 Bd2+ 27. Ke2 Qd5 28. Qxd5
exd5 29. Rad1 Rc7 30. Rhf1 Kg7 31. Nh2 Nc6 32. Kd3 f6 33. exf6+ Rxf6 34. Rxf6
Kxf6 35. hxg6 Kxg6 36. Nf3 Re7 37. Nxd2 cxd2 38. Rxd2 Kg5 39. Rf2 Re4 40. Kc3
Re3+ 41. Bd3 Kg4 42. Rf7 Kxg3 43. Rxh7 Kxg2 44. Rh5 Ne7 45. b4 Kf3 46. Rh6 Kg4
47. Kd2 Rh3 48. Re6 Nf5 49. Rg6+ Kf4 50. Rf6 Rh5 51. b5 Rg5 52. Rf7 Kg4 53.
Bxf5+ Rxf5 54. Rxa7 Rf2+ 55. Kc3 Rf3+ 56. Kb4 Rd3 57. Ra6 Rxd4+ 58. Kc3 Rc4+
59. Kb3 Kf5 60. Rxb6 Rc8 61. Rd6 Ke5 62. Rd7 Ke6 63. Rh7 d4 64. a4 d3 65. Rh3
Rd8 66. Re3+ Kf5 67. Re1 d2 68. Rd1 Ke4 69. a5 Rd3+ 70. Kc4 Ke3 71. a6 Ke2 72.
Rxd2+ Rxd2 73. a7 Ra2 74. b6 Kf3 75. Kd5 Ke3 76. Kc5 Ke4 77. b7 Rxa7 78. b8=Q
Ra5+ 79. Kb4 Rd5 80. Qb7 Kd4 81. Qc6 Ke5 82. Qe8+ Kd4 83. Qe2 Re5 84. Qd2+ Ke4
85. Kc4 Kf5 86. Qd3+ Kf6 87. Kd4 Re6 88. Qh7 Rd6+ 89. Ke4 Re6+ 90. Kf4 Rd6 91.
Qf5+ Ke7 92. Ke5 Rb6 93. Qh7+ Kd8 94. Qa7 Rc6 95. Kd5 Rg6 96. Qf7 Ra6 97. Qf8+
Kd7 98. Qb4 Rg6 99. Qb7+ Kd8 100. Ke5 Ke8 101. Qc8+ Ke7 102. Qc7+ Ke8 103. Kf5
Rh6 104. Qe5+ Kd8 105. Qd5+ Ke7 106. Qc5+ Kf7 107. Qa7+ Kf8 108. Qd7 Kg8 109.
Kg5 Rh7 110. Qe8+ Kg7 111. Qe5+ Kf8 112. Kg6 Rd7 113. Qf6+ Ke8 114. Qc6 Ke7
115. Kg7 Rd6 116. Qc5 Ke6 117. Kg6 Rd5 118. Qe3+ Re5 119. Qxe5+ Kxe5 1/2-1/2

[Event "OLNN 1718 Schachfreunde Schwerin - SK M"]
[Site "?"]
[Date "2017.12.10"]
[Round "4.7"]
[White "Diekmann, Jens"]
[Black "Heinsohn, Wilfried"]
[Result "0-1"]
[WhiteElo "2051"]
[BlackElo "2166"]
[PlyCount "152"]
[EventDate "2017.??.??"]

1. c4 Nf6 2. Nc3 g6 3. g3 Bg7 4. Bg2 O-O 5. e4 d6 6. Nge2 c5 7. O-O Nc6 8. d3
Ne8 9. Be3 Nd4 10. Rb1 a5 11. Qc1 Nc7 12. Bh6 b5 13. Nxd4 cxd4 14. Bxg7 Kxg7
15. Nxb5 Nxb5 16. cxb5 a4 17. e5 Ra5 18. exd6 Qxd6 19. Bc6 Bh3 20. Re1 Rc8 21.
Qd2 Ra7 22. b3 a3 23. Rbc1 Rac7 24. Qe2 f6 25. f4 Kf7 26. Rc4 Bf5 27. Qf3 Be6
28. Ra4 Rd8 29. Ra6 Bd5 30. Bxd5+ Qxd5 31. Qxd5+ Rxd5 32. b6 Rb7 33. Rc1 Rd6
34. Rc4 Ke6 35. Rb4 Kf5 36. Kg2 e5 37. Kf3 g5 38. g4+ Ke6 39. f5+ Kd5 40. Ra7
Rbxb6 41. Rxb6 Rxb6 42. Rxh7 Rc6 43. Ra7 Rc2 44. Ra5+ Kd6 45. Rxa3 Rxh2 46.
Ra6+ Kd5 47. Ra5+ Kd6 48. Ra6+ Kd5 49. Rxf6 Rh3+ 50. Ke2 Rh2+ 51. Kf1 Rxa2 52.
Rf8 Kd6 53. Re8 Ra3 54. Re6+ Kd5 55. Rb6 Ra1+ 56. Kf2 Ra2+ 57. Kf3 Rd2 58. Rb5+
Kd6 59. Rb6+ Kc5 60. Rb8 Rxd3+ 61. Ke2 Re3+ 62. Kf2 e4 63. Rc8+ Kd5 64. b4 Rf3+
65. Ke2 d3+ 66. Ke1 e3 67. Rd8+ Kc4 68. Rc8+ Kxb4 69. Rb8+ Kc4 70. Rc8+ Kd4 71.
Rd8+ Ke4 72. Re8+ Kf4 73. Rd8 d2+ 74. Ke2 Rf2+ 75. Kd1 Rf1+ 76. Kc2 Rc1+ 0-1

[Event "OLNN 1718 Schachfreunde Schwerin - SK M"]
[Site "?"]
[Date "2017.12.10"]
[Round "4.8"]
[White "Weyrich, Morten"]
[Black "Peschke, Matthias"]
[Result "1-0"]
[WhiteElo "2270"]
[BlackElo "1992"]
[PlyCount "87"]
[EventDate "2017.??.??"]

1. c4 Nf6 2. Nc3 g6 3. g3 Bg7 4. Bg2 O-O 5. e4 c5 6. Nge2 d6 7. O-O Nc6 8. d3
Ne8 9. Be3 Nd4 10. Rb1 a5 11. a4 Nc7 12. h3 f5 13. f4 Nce6 14. Bf2 Kh8 15. Kh2
Ra7 16. Qd2 Nb3 17. Qd1 Nbd4 18. Qd2 Nb3 19. Qe1 Nbd4 20. Nxd4 Nxd4 21. Bxd4
cxd4 22. Nb5 Ra8 23. Rc1 Bd7 24. c5 Bxb5 25. axb5 dxc5 26. Rxc5 b6 27. Rd5 Qc7
28. exf5 gxf5 29. Qe6 Rad8 30. Rxf5 Qc2 31. Qxb6 Qxd3 32. Rxf8+ Rxf8 33. Qc6
Qe2 34. b6 d3 35. b7 Qxb2 36. Rd1 e5 37. f5 e4 38. Qxe4 d2 39. Qd5 Bc3 40. Qd6
Rg8 41. Kh1 Be5 42. Qxd2 Qb3 43. Bd5 Qxg3 44. Bxg8 1-0

[Event "OLNN 1718 Königsspringer HH - Hamburge"]
[Site "?"]
[Date "2017.12.10"]
[Round "4.1"]
[White "Gaede, Derek"]
[Black "Pfreundt, Jakob"]
[Result "0-1"]
[WhiteElo "2311"]
[BlackElo "2380"]
[PlyCount "58"]
[EventDate "2017.??.??"]

1. d4 d5 2. Bf4 Nf6 3. e3 c5 4. c3 Nc6 5. Nd2 e6 6. Ngf3 Be7 7. dxc5 Bxc5 8.
Bd3 O-O 9. O-O Bd6 10. Bxd6 Qxd6 11. e4 Rd8 12. Re1 dxe4 13. Bxe4 b6 14. Qa4
Nxe4 15. Qxe4 h6 16. Nc4 Qc7 17. Nce5 Nxe5 18. Nxe5 Bb7 19. Qh4 Rd5 20. Nf3
Rad8 21. Qg3 Qc5 22. Ne5 Rd2 23. h4 Qc7 24. Qe3 Rxb2 25. Rad1 Rxd1 26. Rxd1 Rb5
27. f4 Rd5 28. Rd4 Qc5 29. Qd2 f6 0-1

[Event "OLNN 1718 Königsspringer HH - Hamburge"]
[Site "?"]
[Date "2017.12.10"]
[Round "4.2"]
[White "Zimmermann, Julian"]
[Black "Groetzbach, Julian"]
[Result "1-0"]
[WhiteElo "2325"]
[BlackElo "2290"]
[PlyCount "75"]
[EventDate "2017.??.??"]

1. e4 c5 2. c3 Nf6 3. e5 Nd5 4. d4 cxd4 5. cxd4 e6 6. Nf3 d6 7. a3 Be7 8. Bd3
Bd7 9. exd6 Bxd6 10. O-O Nc6 11. Nbd2 Be7 12. Ne4 h6 13. Re1 O-O 14. b4 a6 15.
Bc2 Qc7 16. Bb2 Rfd8 17. Rc1 Qb6 18. Nc5 a5 19. Na4 Qa7 20. b5 Nb8 21. Qd3 g6
22. h4 h5 23. Ne5 Be8 24. Qg3 Kh7 25. Nxg6 fxg6 26. Rxe6 Kg7 27. b6 Qa6 28.
Rce1 Qc4 29. Rxg6+ Bxg6 30. Qxg6+ Kf8 31. Qh6+ Ke8 32. Bg6+ Kd7 33. Bf5+ Ke8
34. Qxh5+ Kf8 35. Qh6+ Ke8 36. Qg6+ Kf8 37. Be6 Nf4 38. Qf7# 1-0

[Event "OLNN 1718 Königsspringer HH - Hamburge"]
[Site "?"]
[Date "2017.12.10"]
[Round "4.3"]
[White "Bente, Bjoern"]
[Black "Rosmann, Ilja"]
[Result "0-1"]
[WhiteElo "2213"]
[BlackElo "2311"]
[PlyCount "42"]
[EventDate "2017.??.??"]

1. d4 Nf6 2. c4 e6 3. Nc3 Bb4 4. e3 c5 5. Nge2 b6 6. a3 Ba5 7. Rb1 Qe7 8. Qa4
Nc6 9. Bd2 O-O 10. g3 Bxc3 11. Bxc3 cxd4 12. exd4 e5 13. d5 Nd4 14. Bg2 d6 15.
Rd1 Bd7 16. Qa6 Bg4 17. Bxd4 exd4 18. f3 Rfe8 19. c5 Bc8 20. cxd6 Bxa6 21. dxe7
Rxe7 0-1

[Event "OLNN 1718 Königsspringer HH - Hamburge"]
[Site "?"]
[Date "2017.12.10"]
[Round "4.4"]
[White "Schmidt, Jan-Peter"]
[Black "Lindinger, Markus"]
[Result "1/2-1/2"]
[WhiteElo "2239"]
[BlackElo "2240"]
[PlyCount "30"]
[EventDate "2017.??.??"]

1. Nf3 d5 2. e3 Nf6 3. c4 e6 4. b3 Bd6 5. Bb2 O-O 6. Nc3 b6 7. Qc2 Bb7 8. cxd5
exd5 9. Nb5 c5 10. Nxd6 Qxd6 11. d4 Rc8 12. dxc5 bxc5 13. Bd3 d4 14. O-O Bxf3
15. gxf3 Nc6 1/2-1/2

[Event "OLNN 1718 Königsspringer HH - Hamburge"]
[Site "?"]
[Date "2017.12.10"]
[Round "4.5"]
[White "Zieher, Hartmut"]
[Black "Dettmann, Steffen"]
[Result "1-0"]
[WhiteElo "2215"]
[BlackElo "2215"]
[PlyCount "93"]
[EventDate "2017.??.??"]

1. e4 e5 2. Nf3 Nf6 3. d4 Nxe4 4. Bd3 d5 5. Nxe5 Nd7 6. O-O Nxe5 7. dxe5 Nc5 8.
Nc3 Nxd3 9. cxd3 d4 10. Ne4 Be7 11. Qh5 O-O 12. Bg5 Bxg5 13. Nxg5 h6 14. Ne4
Qd5 15. f4 b6 16. Rf3 f6 17. Rg3 Qf7 18. Nxf6+ Kh8 19. a3 Qxh5 20. Nxh5 Rf7 21.
h3 Bf5 22. Rf3 Raf8 23. Raf1 Bc8 24. g4 Bb7 25. R3f2 c5 26. f5 Ba6 27. Nf4 Re8
28. Re1 Kg8 29. Kg2 c4 30. dxc4 Bxc4 31. Re4 Ba6 32. Kg3 d3 33. e6 Rc7 34. Rd4
Rc4 35. Rd7 Bb5 36. Rd5 Rc5 37. Rd6 Re5 38. Nxd3 Re3+ 39. Rf3 Re2 40. b3 Rd2
41. a4 Ba6 42. h4 h5 43. g5 Rc8 44. f6 gxf6 45. gxf6 Kh7 46. f7 Rxd3 47. Rdxd3
1-0

[Event "OLNN 1718 Königsspringer HH - Hamburge"]
[Site "?"]
[Date "2017.12.10"]
[Round "4.6"]
[White "Borgmeyer, Max"]
[Black "Schumacher, Norbert"]
[Result "1/2-1/2"]
[WhiteElo "2212"]
[BlackElo "2150"]
[PlyCount "64"]
[EventDate "2017.??.??"]

1. e4 c5 2. Nf3 d6 3. d4 cxd4 4. Nxd4 Nf6 5. Nc3 a6 6. Be3 Ng4 7. Bg5 h6 8. Bh4
g5 9. Bg3 Bg7 10. Be2 Ne5 11. O-O Nbc6 12. Nf5 Bxf5 13. exf5 Nd4 14. Bxe5 Bxe5
15. Bd3 d5 16. Re1 Qd6 17. Qh5 Rd8 18. Nd1 Bg7 19. Ne3 Nc6 20. c3 Ne5 21. Bc2
Nd7 22. Rad1 Nf6 23. Qe2 O-O 24. Bb3 Qc5 25. Qf3 e6 26. h4 Qc7 27. hxg5 hxg5
28. fxe6 fxe6 29. Qh3 Rfe8 30. Bc2 Qf7 31. Ng4 Nxg4 32. Qxg4 Qf4 1/2-1/2